000 00846nam a22002417a 4500
999 _c5514
_d5514
003 AR-CdUCM
008 190312b ||||| |||| 00| 0 spa d
040 _aMUNICIPALIDAD PROVINCIAL DEL CUSCO
_cBIBLIOTECA MUNICIPAL DEL CUSCO
082 _a869.81 /
_bR73B
100 _aBenedetti, Mario
_916536
245 _aGenio y figura de José Enrique Rodó /
260 _aBuenos Aires :
_bUniversitaria de Buenos Aires,
_c1966.
300 _a191 páginas ;
_bilustraciones ;
_e18 cm.
440 _aGenio y figura
_n : 12
_916537
500 _aDonación de la familia Nieto.
505 _aContenido: Biografía de José Enrique Rodo.
650 _aBiografías
_9148
650 _aNarradores Uruguayos
_916538
650 _aJose Enrique Ródo - Biografía
_916539
650 _aLiteratura Uruguaya
_915526
942 _2ddc
_cLIBROS
945 _alccs